| 000 | 01588cam a2200493 4500 | ||
|---|---|---|---|
| 001 | M29 | ||
| 008 | 090401t1991 xxu||||| |||| 00| 0 eng d | ||
| 035 | _a(Sirsi) u39453 | ||
| 041 | _aeng | ||
| 050 | _a333 | ||
| 090 | _aRICS 1991/17AB | ||
| 100 | _aCantlie, Hugh | ||
| 245 | _aCPD day. Held at Civic Centre, Newcastle upon Tyne, 7 March 1991 | ||
| 260 | _c1991 | ||
| 300 | _a8 papers | ||
| 350 | _a0 | ||
| 520 | _aProgramme and synopses, biographical notes and attendance list included in A copy only. No papers received from the sessions on dilapidations, contract procurement, marketing of firms and opening address. | ||
| 650 | _aBUILDING INDUSTRY | ||
| 650 | _aABOUT RICS-RICS MEMBERS | ||
| 650 | _aCOMPUTERS | ||
| 650 | _aCONSERVATION | ||
| 650 | _aCONTINUING PROFESSIONAL DEVELOPMENT | ||
| 650 | _aDEVELOPMENT MONITORING | ||
| 650 | _aESTATE AGENCY | ||
| 650 | _aFUNDING | ||
| 650 | _aMORTGAGE VALUATION | ||
| 650 | _aNEGLIGENCE | ||
| 650 | _aBUILT ENVIRONMENT-QUANTITY SURVEYING | ||
| 650 | _aREGULATION | ||
| 650 | _aSINGLE MARKET | ||
| 650 | _aSTANDARD METHOD OF MEASUREMENT (SEVENTH EDITION) | ||
| 650 | _aBUILT ENVIRONMENT-BUILDING SURVEYING-STRUCTURAL SURVEYING | ||
| 650 |
_aValuation _96273 |
||
| 700 | _aFinn, Michael | ||
| 700 | _aHoward, Rob | ||
| 700 | _aMoreton, Peter | ||
| 700 | _aMorris, Ian | ||
| 700 | _aSutton, Jim | ||
| 700 | _aWinfield, Roger | ||
| 700 | _aYorke, David | ||
| 710 |
_aRoyal Institution of Chartered Surveyors _bNorthumberland and Durham Branch _92651 |
||
| 942 | _n0 | ||
| 948 | _c04/03/1997 | ||
| 999 |
_c90775 _d90775 |
||